| 000 | 01033nam a2200265Ia 4500 | ||
|---|---|---|---|
| 003 | OSt | ||
| 005 | 20220923211007.0 | ||
| 006 | a|||||r|||| 00| 0 | ||
| 007 | ta | ||
| 008 | 220922b |||||||| |||| 00| 0 hin d | ||
| 020 |
_a8170167558 (hbk) _c255 |
||
| 024 | _a289,313 | ||
| 037 |
_bBL190, 10/03/2016, K. K. Publications _cTextual |
||
| 040 |
_aARTS _cARTS _bhin |
||
| 041 |
_2hin _ahin |
||
| 082 | _aO157,1M61,11, 152Q3 | ||
| 100 |
_aठाकुर, रवीन्द्रनाथ; साहा, रणजीत, ले. _9156932 |
||
| 245 | 0 | _aगीतांजलि | |
| 246 | _aGītāanjali | ||
| 260 |
_aनयी दिल्ली _b किताबघर प्रकाशन _c2013 |
||
| 300 |
_a195पृ. _ccm. |
||
| 650 |
_aबंगाली साहित्य _9156264 |
||
| 942 |
_hO157,1M61,11, 152Q3 _cTEXL _2CC |
||
| 999 |
_c293637 _d293637 |
||